| LEADER |
00779nam0a2200217 450 |
| 001 |
16841769 |
| 010 |
|
|
|a 978-2-210-96213-2
|b br.
|d 5,9
|
| 100 |
|
|
|a 20160620d2026 u u0frey01 ba
|
| 101 |
0 |
|
|a fre
|
| 102 |
|
|
|a FR
|
| 200 |
0 |
|
|a Classe verte pour magie noire
|f écrit par Eric Chevreau
|g illustré par Thomas Baas
|
| 207 |
|
1 |
|a
|
| 210 |
|
|
|a Paris
|c Magnard jeunesse
|d DL 2016
|
| 215 |
|
|
|a 1 vol. (44 p.)
|c ill. en coul.
|d 20 cm
|
| 225 |
1 |
|
|a Mordicus, apprenti sorcier
|v 5
|
| 461 |
|
0 |
|t Mordicus, apprenti sorcier
|v 5
|
| 700 |
|
0 |
|a Chevreau
|b Eric
|c Auteur du texte
|4 70
|
| 702 |
|
0 |
|a Baas
|b Thomas
|c Illustrateur
|f 1975-....
|4 440
|
| 900 |
|
|
|a Roman enfant
|
| 901 |
|
|
|a Accessible au prêt
|
| 995 |
|
|
|a Bibliothèque
|c Bibliothèque
|f 024023256
|h 024023256
|k E C2 CHE
|o p
|q j
|r az
|e Bibliothèque
|